000 00312nam a2200109Ia 4500
008 200302s9999 xx 000 0 und d
100 _aBlaine Brownell and Others
245 _aHyper- Natural Architecture's new relationship with nature
260 _bPrinceton Architectural Press
260 _c2015
300 _a175
999 _c6276
_d6276